Bryce Dallas Howard Movies! - Statistics

General Stats
  • This quiz has been taken 12 times
  • The average score is 9 of 31
Answer Stats
Hint Answer % Correct
2015 Jurassic World
83%
2004 The Village
83%
2022 Jurassic World: Dominion
75%
2018 Jurassic World: Fallen Kingdom
67%
2006 Lady in the Water
58%
2016 Pete's Dragon
58%
2007 Spider-Man 3
58%
2011 The Help
58%
2001 A Beautiful Mind
50%
1995 Apollo 13
42%
2019 Rocketman
42%
2011 50/50
17%
2019 A Dog's Way Home
17%
2022 Argylle
17%
2016 Gold
17%
2000 How the Grinch Stole Christmas
17%
1989 Parenthood
17%
2009 Terminator: Salvation
17%
2006 As You Like It
8%
2004 Book of Love
8%
TBD Flight of the Navigator
8%
2008 Good Dick
8%
2010 Hereafter
8%
2005 Manderlay
8%
2011 Restless
8%
2008 The Loss of A Teardrop Diamond
8%
2012 The Twilight Saga: Breaking Dawn Part 2
8%
2010 The Twilight Saga: Eclipse
8%
2020 All Together Now
0%
2013 Call Me Crazy: A Five Film
0%
2021 Collection
0%
No matching quizzes found
Score Distribution
Percent of People with Each Score
Percentile by Number Answered
Your Score History
You have not taken this quiz